000
00218nam a22000857a 4500
008
161031b xxu||||| |||| 00| 0 eng d
100
_9
988
_a
Singh Yuvraj
245
_a
The Test of My Life
260
_a
India
_b
Random House
_c
2013
999
_c
3646
_d
3646